000 01053nam a22002537a 4500
999 _c64408
_d64408
005 20240530110730.0
008 180415s2016 ua a g b 000 0 ara d
017 _a2016/8925
_bمصر. دار الكتب
020 _a9789773223731
040 _aEG-CaGPL
_cEG-CaGPL
082 0 4 _221
_a940.18 \
_bأ م
100 _aاميرة محمد نافع
245 1 2 _aالمسيحيون المحليون فى بلاد الشام عصر الحروب الصليبية :
_b1097 - 1291 م : 491 - 691 هـ /
_cتأليف اميرة محمد نافع .
250 _aط.1
260 _aالقاهرة :
_bعين للدراسات و البحوث الانسانية و الاجتماعية،
_c2016 .
300 _a191 ص. ؛
_c24 سم.
504 _aببليوجرافية : 178 - 191
650 0 7 _2qrmak
_aالحروب الصليبية فى فلسطين والشام
650 0 7 _2qrmak
_aالمسيحيون
650 0 7 _2qrmak
_aالحروب الصليبية
651 _2qrmak
942 _2ddc
_cBK